Statistiken für 7 zufällige Länder auf der Weltkarte in 15 Sekunden

Klicken Sie hier um das Quiz zu spielen!

Allgemein

  • Dieses Quiz wurde 940 mal gespielt
  • Das Durchschnittsergebnis liegt bei 4 aus 7

Antworten auf der Karte

Die Antworten werden auf der Karte rot bzw. grün angezeigt, abhängig davon wie oft sie richtig erraten wurden.
 

Antwortstatistiken

Land% Korrekt
Albanien
100%
Algerien
100%
Angola
100%
Bahamas
100%
Belarus
100%
Bolivien
100%
Brasilien
100%
China
100%
Dänemark
100%
Dem Rep Kongo
100%
Deutschland
100%
Estland
100%
Finnland
100%
Ghana
100%
Grenada
100%
Griechenland
100%
Guyana
100%
Haiti
100%
Indien
100%
Iran
100%
Irland
100%
Island
100%
Italien
100%
Jamaika
100%
Japan
100%
Jemen
100%
Kanada
100%
Kasachstan
100%
Kenia
100%
Kolumbien
100%
Kroatien
100%
Kuba
100%
Madagaskar
100%
Mexiko
100%
Mikronesien
100%
Namibia
100%
Nepal
100%
Nordkorea
100%
Pakistan
100%
Peru
100%
Polen
100%
Portugal
100%
Rumänien
100%
Russland
100%
São Tomé und Príncipe
100%
Saudi-Arabien
100%
Südafrika
100%
Suriname
100%
Syrien
100%
Thailand
100%
Tunesien
100%
Türkei
100%
Ukraine
100%
Vereinigte Staaten
100%
Lettland
88%
Malta
88%
Belgien
86%
Oman
86%
Spanien
86%
Sudan
86%
Ägypten
83%
Ecuador
83%
Frankreich
83%
Libyen
83%
Schweiz
83%
Senegal
83%
Tschad
83%
Malaysia
80%
Moldawien
80%
Mongolei
80%
Norwegen
80%
Österreich
80%
Venezuela
80%
Australien
75%
Bangladesch
75%
Benin
75%
Bosnien und Herzegowina
75%
Kambodscha
75%
Kirgisistan
75%
Liberia
75%
Marokko
75%
Somalia
75%
Vereinigtes Königreich
75%
Zentralafrikanische Republik
75%
Litauen
71%
Schweden
71%
Uganda
71%
Uruguay
71%
Argentinien
67%
Äthiopien
67%
Bulgarien
67%
El Salvador
67%
Gabun
67%
Israel
67%
Katar
67%
Laos
67%
Serbien
67%
Taiwan
67%
Trinidad und Tobago
67%
Usbekistan
67%
Indonesien
63%
Nigeria
63%
Honduras
60%
Mauritius
60%
Monaco
60%
Papua-Neuguinea
60%
Südkorea
60%
Vereinigte Arabische Emirate
60%
Aserbaidschan
50%
Cabo Verde
50%
Chile
50%
Dschibuti
50%
Gambia
50%
Georgien
50%
Luxemburg
50%
Malediven
50%
Niger
50%
Paraguay
50%
Philippinen
50%
San Marino
50%
Seychellen
50%
Slowenien
50%
Südsudan
50%
Tschechien
50%
Irak
43%
Malawi
43%
Ungarn
43%
Andorra
40%
Barbados
40%
Kiribati
40%
Komoren
40%
Mauretanien
40%
Sambia
40%
Samoa
40%
Sri Lanka
40%
Tansania
40%
Vietnam
40%
Côte d'Ivoire
38%
Libanon
38%
Botswana
33%
Eritrea
33%
Kongo
33%
Kosovo
33%
Mali
33%
Neuseeland
33%
Nicaragua
33%
Slowakei
33%
Turkmenistan
33%
Vatikanstadt
33%
Zypern
33%
Marshallinseln
29%
Costa Rica
25%
Jordanien
25%
Kuwait
25%
Lesotho
25%
Liechtenstein
25%
Nordmazedonien
25%
Ruanda
25%
Simbabwe
25%
Togo
25%
Burundi
20%
Dominikanische Republik
20%
Eswatini
20%
Kamerun
20%
Nauru
20%
Singapur
20%
Antigua und Barbuda
17%
Fidschi
17%
St. Kitts und Nevis
17%
Vanuatu
17%
Armenien
13%
Tadschikistan
13%
Afghanistan
0%
Äquatorial-Guinea
0%
Bahrain
0%
Belize
0%
Bhutan
0%
Brunei
0%
Burkina Faso
0%
Dominica
0%
Guatemala
0%
Guinea
0%
Guinea-Bissau
0%
Montenegro
0%
Mosambik
0%
Myanmar
0%
Niederlande
0%
Palau
0%
Panama
0%
Salomonen
0%
Sierra Leone
0%
St. Lucia
0%
St. Vincent und die Grenadinen
0%
Timor-Leste
0%
Tonga
0%
Tuvalu
0%

Verteilung der Resultate

Perzentil nach korrekt beantworteten Fragen

Anzahl Personen mit jedem Resultat

Ihre Resultats-Entwicklung

Sie haben dieses Quiz noch nicht gespielt